000
00338nam a22001457a 4500
008
230706b ||||| |||| 00| 0 eng d
020
_a
9781259543470
041
_a
eng
080
_2
FOURTH EDITION
_a
334.7
082
_a
334.7MIN
100
_a
23
101
_a
MBE
245
_a
ACCOUNTING TEXT AND CASES
_c
MINTZ .M S
942
_2
udc
_c
BK
999
_c
60109
_d
60109